| 000 | 01080nam a22002537a 4500 | ||
|---|---|---|---|
| 005 | 20240305165502.0 | ||
| 007 | cr|||| |||| | ||
| 008 | 180321s2017 br |||||s|||| 00||0 por d | ||
| 020 | _a978-85-361-9387-8 | ||
| 035 | _a21160 | ||
| 040 | _avLex | ||
| 090 |
_c7535 _d7535 |
||
| 100 | 1 | _aMessias Saliba, Tuffi | |
| 245 | 1 | 0 |
_aInsalubridade e periculosidade _h[Recurso electrónico] / _cTuffi Messias Saliba, Márcia Angelim Chaves Corrêa |
| 256 | _aServicio en línea | ||
| 260 |
_aSan Pablo: _bLTR, _c2017 |
||
| 300 | _a1 recurso electrónico | ||
| 506 | 1 |
_aDisponible solo en los productos indicados _dvLex Global _dvLex Global (Academic Edition, excluding Law Schools) _dvLex Global (U.S. Academic Edition, Law Schools) _dvLex Global (U.S. Academic Edition, excluding Law Schools) _dvLex Global (Academic Edition, Law Schools) |
|
| 650 | 0 | 4 |
_aDerecho del Medio Ambiente _zBrasil |
| 700 | 1 | _aChaves Corrêa, Márcia Angelim | |
| 740 | 0 | _avLex Libros (Servicio en línea) | |
| 856 | 4 | 0 | _uhttps://app.vlex.com/#/sources/insalubridade-periculosidade-21160 |
| 942 | _cRAA | ||
| 999 |
_c165772 _d165772 |
||